UBT Library

Presidential elections since 1789 (Record no. 44422)

000 -LEADER
fixed length control field 00394nas a22001693 4500
001 - CONTROL NUMBER
control field 11073644
008 - FIXED-LENGTH DATA ELEMENTS--GENERAL INFORMATION
fixed length control field 941117u xx u 0 0 0und
010 ## - LIBRARY OF CONGRESS CONTROL NUMBER
LC control number x 94007535
041 ## - LANGUAGE CODE
Language code of text/sound track or separate title eng
080 ## - UNIVERSAL DECIMAL CLASSIFICATION NUMBER
Universal Decimal Classification number 32
100 ## - Rafti
Rafti 23
101 ## - Shkurtesa
Shkurtesa POL
245 00 - TITLE STATEMENT
Title Presidential elections since 1789
310 ## - CURRENT PUBLICATION FREQUENCY
Current publication frequency Other (4/Yr)
906 ## - LOCAL DATA ELEMENT F, LDF (RLIN)
a 0
b bbc
c serlocs
d u
e ncip
f 19
g ilsserca
942 ## - ADDED ENTRY ELEMENTS (KOHA)
Source of classification or shelving scheme
Item type Books
Holdings
Withdrawn status Lost status Source of classification or shelving scheme Damaged status Not for loan Collection code Permanent location Current location Shelving location Date acquired Total Checkouts Full call number Barcode Date last seen Price effective from Koha item type
          Koleksioni i përgjithshem UBT - Lipjan UBT - Lipjan Koleksioni i përgjithshem 03/08/2018   32 ROB 002-3001318 03/08/2018 03/08/2018 Books
UBT Library © 2015-2024. All rights reserved University Education for Business and Technology